| 000 | 02490nam a2200397 i 4500 | ||
|---|---|---|---|
| 001 | 000048133 | ||
| 003 | DO-SdBNP | ||
| 005 | 20260414100756.0 | ||
| 007 | ta | ||
| 008 | 181120s2017 dr 000 0 spa d | ||
| 020 | _a9789945005028 | ||
| 040 |
_aDO-SdBNP _bspa _cBNPHU _erda |
||
| 041 | _aspa | ||
| 082 | 4 |
_a923.2 _bG984h 2017 _222 |
|
| 100 | 1 |
_aGutiérrez Félix, Euclides, _d1936- _eautor _4aut. _95673 |
|
| 245 | 1 | 0 |
_aHéroes y próceres dominicanos y americanos / _cEuclides Gutiérrez Félix ; prólogo, Alejandrina Germán. |
| 250 | _aquinta edición revisada y actualizada | ||
| 264 | 1 |
_aSanto Domingo : _bCorripio, _c2017. |
|
| 300 |
_a398 páginas : _bilustraciones ; _c23 cm. |
||
| 336 |
_atexto _btxt _2rdacontent |
||
| 337 |
_asin mediación _bn _2rdamedia |
||
| 338 |
_avolumen _bnc _2rdacarrier |
||
| 500 | _aIncluye datos biográficos del autor en las solapas | ||
| 500 | _aIncluye referencias bibliográficas y notas al pie de las páginas | ||
| 504 | _aBibliografía : páginas 379-388 | ||
| 505 | 0 |
_aPrimera parte: _tHéroes y próceres dominicanos -- _tIntroducción -- _tEnriquillo -- _tJuan Pablo Duarte -- _tFrancisco del Rosario Sánchez -- _tMatías Ramón Mella -- _tAntonio Duverge -- _tJosé María Cabral -- _tPedro Pimentel -- _tGaspar Polanco -- _tMarcos Adón -- _tEusebio Manzueta -- _tFernando Arturo de Meriño -- _tBenigno Filomeno de Rojas -- _tUlises Francisco Espaillat -- _tJosé Antonio Salcedo (Pepillo) -- _tPedro Francisco Bono -- _tFrancisco Gregorio Billini -- _tSalomé Ureña -- _tErcilia Pepín -- _tRafael Fernández Domínguez -- _tFrancisco Caamacho Deño -- _gSegunda parte: Héroes y próceres americanos Introducción página -- _tLautaro -- _tThomas Jefferson -- _tMiguel Hidalgo -- _tSimón Bolívar -- _tAntonio José De Sucre -- _tJosé de San Martin -- _tBernardo O'Higgins -- _tJosé María Morelos -- _tToussaint Louverture -- _tDessalines -- _tAbraham Lincoln -- _tFrancisco Morazán -- _tBenito Juárez -- _tMáximo Gomez -- _tAntonio Maceo -- _tAugusto Cesar Sandino. |
|
| 590 | _aInventariado, 2018/LP | ||
| 650 | 4 |
_aRevolucionarios _zRepública Dominicana _xBiografías _912091 |
|
| 650 | 4 |
_aHéroes _zRepública Dominicana _xBiografías _912092 |
|
| 650 | 4 |
_aJefes de estado _zRepública Dominicana _xBiografías _912093 |
|
| 651 | 4 |
_aRepública Dominicana _xBiografías _91325 |
|
| 651 | 4 |
_aAmérica _xBiografías _912095 |
|
| 700 | 1 |
_aGermán, Alejandrina, _eprologuista _4pr. _912096 |
|
| 910 | _aValidado. Control de calidad MFF | ||
| 942 |
_2ddc _cLBS1 |
||
| 999 |
_c47621 _d47621 |
||